000 00182 a2200085 4500
020 _a9780823073337
100 _aGRANT REID
245 _aLANDSCAPE GRAPHICS
260 _bJOHN WILEY & SONS
999 _c13046
_d13046